Normal view
MARC view
- Tandon, L.N.
Entry Personal Name
001 - CONTROL NUMBER
- control field: 26849
003 - CONTROL NUMBER IDENTIFIER
- control field: NUST
005 - DATE AND TIME OF LATEST TRANSACTION
- control field: 20191212144629.0
008 - FIXED-LENGTH DATA ELEMENTS
- fixed length control field: 191212|| aca||aabn | a|a d
040 ## - CATALOGING SOURCE
- Original cataloging agency: NUST
- Transcribing agency: NUST
100 ## - HEADING--PERSONAL NAME
- Personal name: Tandon, L.N.
670 ## - SOURCE DATA FOUND
- Source citation: Work cat.: (NUST): Tandon, L.N., International Law /, 2015.
